000 00493nam a2200181Ia 4500
001 11664
005 20260306162844.0
008 260306t2023||||xx |||||||||||||| ||spa||
041 _aESP
082 _a986.2
_bC12
100 _aCabrera Hanna, Santiago,
_eAUT
245 0 _aSoberanías enfrentadas :
_btransiciones políticas del municipio de Quito entre 1813 y 1830
260 _c2023
300 _a250 páginas :
_c21 cm.
650 _aGEN
654 _aCHU
942 _cLIB
_dJUS
_fJUS
_2ddc
_n
999 _c11664
_d11664